000 00731nam a22002297a 4500
003 0
005 20240923154330.0
008 240923b xxu||||| |||| 00| 0 eng d
020 _a978-1-4737-8732-2
050 _aQA 76
_b.F67 2023
100 _aForouzan, Behrouz
245 _aFoundations of computer science
_cBehrouz Forouzan
250 _aFifth edition
260 _aHampshire, United Kingdom
_bCengage Learning
_cc2023
300 _axv, 677 pages :
_bcolored illustrations and pictures ;
_c25cm.
504 _aIncludes bibliographical references, glossary, and index.
650 _aComputer science.
650 _aNumber systems.
650 _aData storage.
650 _aComputer networks.
942 _2lcc
_cBK
999 _c366368
_d366368